000 01663cam a2200349 4500
008 030609n2003 000 0 eng u
020 _a1904388904
035 _a(Sirsi) u122562
041 _aeng
050 _a692.2
_c18
100 _aRedler, Alistair
245 _aParty walls - the law and the surveyors role
_ba CPD study pack
260 _aReading
_bCollege of Estate Management
_c2003
300 _a46p.
_c30cm. + 1 audio CD (ca. 60 min.)
350 _a42
490 _aCollege of Estate Management CPD Study Pack
520 _aThe aim of this study pack is to explain the scope of the Party Wall etc Act 1996 focusing, in particular, on the role of surveyors acting on behalf of building owners and adjoining owners. It explains the scope of the Act, the role of surveyors and the legal basis for the surveyor's role with practical examples of design details that are contentious and gives an explanation of remedies available when things go wrong. [CEM]
520 _aAccompanied by Owlion audio recording "Party Wall etc Act 1996 : best practice 2002" (J120328) which is available to borrow seperately.
650 _aPARTY WALL ETC ACT 1996
650 _aPARTY WALL SURVEYORS
650 _aParty walls
_96258
690 _aBoundary disputes
_96221
700 _aLand, Howard
700 _aRedler, Alistair
700 _aPhillips, Antony
700 _aSilver, Rosemary
700 _aAinsworth, Robin
710 _aCollege of Estate Management
_9400
710 _aRoyal Institution of Chartered Surveyors
_bBoundaries and Party Wall Working Group
_94505
710 _aRoyal Institution of Chartered Surveyors
_94900
942 _n0
999 _c85430
_d85430